000 00683nam a2200241Ia 4500
003 OSt
005 20220918193246.0
006 a|||||r|||| 00| 0
007 ta
008 220917b |||||||| |||| 00| 0 eng d
024 _a72,418
037 _cTextual
040 _aARTS
_cARTS
_beng
041 _2eng
_aeng
082 _aR43W:1, N4
100 _aIannone A Pablo
_95129
245 0 _aPhilosophy as diplomacy
_b essays in ethics and policy making
260 _aNew Jersey
_bHumanities Press
_c1994
300 _axvi,280p.
_ccm.
650 _aSOCIAL ETHICS; PHILOSOPHY
_981341
942 _hR43W:1, N4
_cTEXL
_2CC
999 _c198406
_d198406